|
|
|
|
| LEADER |
01218nam a2200289 a 4500 |
| 001 |
GR-MES14393 |
| 008 |
080507s gr 000 0 gre d |
| 020 |
|
|
|a 9602368039
|q (χαρτόδ.).)
|
| 040 |
|
|
|a GrPaTEI
|b gre
|c GR-PaULI
|
| 041 |
|
|
|a gre
|h eng
|
| 082 |
|
0 |
|a Ξ
|
| 082 |
0 |
4 |
|a 843
|2 22
|
| 100 |
1 |
|
|a Leblanc, Alain
|
| 240 |
1 |
0 |
|a Un pont entre deux rives.
|l Ελληνικά
|
| 245 |
1 |
0 |
|a Μια γέφυρα ανάμεσα σε δυο όχθες /
|c Αλέν Λεμπλάν ; μετάφραση Μίρκα Σκάρα.
|
| 260 |
|
|
|a Αθήνα :
|b Νέα Σύνορα-Α.Α.Λιβάνη,
|c 1997.
|
| 300 |
|
|
|a 337 σ. ;
|c 21εκ.
|
| 490 |
0 |
|
|a Ξένη Λογοτεχνία
|
| 500 |
|
|
|a Μετάφραση του: Un pont entre deux rives.
|
| 650 |
|
7 |
|a Γαλλική Λογοτεχνία
|
| 650 |
|
7 |
|a Μυθιστόρημα
|
| 650 |
|
7 |
|a Ξένη Λογοτεχνία
|
| 700 |
1 |
|
|a Σκάρα, Μίρκα
|e μεταφράστρια.
|
| 942 |
|
|
|2 ddc
|
| 952 |
|
|
|0 0
|1 0
|2 ddc
|4 0
|6 Ξ_LEB
|7 0
|9 272458
|a MSLG
|b MSLG
|c BSC
|d 2021-01-17
|e 24
|f 0
|g 0.00
|l 0
|o Ξ LEB
|p 2420000008873
|r 2021-01-17 00:00:00
|t 1
|w 2021-01-17
|y BK15
|x 20080507 0 ΜΑΤΣΙΩΡΗ 1
|x GrPaTEI
|
| 971 |
|
|
|a .b2580442x
|b 01-10-20
|c 13-09-16
|
| 999 |
|
|
|c 157567
|d 157567
|